Slovensko potrebuje ropovod Adria

Časové, finančné, medzinárodné aj ekologické hľadisko a zabezpečenie alternatívnych dodávok ropy cez ropovod Adria je pre Slovensko jediným skutočným riešením. Ropná bezpečnosť Slovenska a modernizácia Adrie.

Gespeichert in:
Bibliographische Detailangaben
1. Verfasser: Senkovič, Marek
Format: Buchkapitel
Sprache:Slowakisch
Schlagworte:
Tags: Tag hinzufügen
Keine Tags, Fügen Sie das erste Tag hinzu!

MARC

LEADER 00000naa a2200000 4500
001 0230024
005 20221104125216.2
041 0 |a slo 
044 |a CZ 
245 1 0 |a Slovensko potrebuje ropovod Adria  |c Marek Senkovič 
520 |a Časové, finančné, medzinárodné aj ekologické hľadisko a zabezpečenie alternatívnych dodávok ropy cez ropovod Adria je pre Slovensko jediným skutočným riešením. Ropná bezpečnosť Slovenska a modernizácia Adrie. 
610 2 0 |a Slovensko 
610 2 0 |a ropovody 
610 2 0 |a ropa 
610 2 0 |a rafinérie 
610 2 0 |a doprava potrubná 
610 2 0 |a reťazce dodávateľsko-odberateľské 
100 1 |a Senkovič, Marek